Sports Quiz

Random Sports or Golf Quiz

Top 10 Golfers for every country Quiz Stats

Quiz not verified by Sporcle

Also try: Last 16 Sweet 16s
Challenge
Share
Tweet
Embed
Score 0/194 Timer 20:00
0 Plays Today
Golfer % Correct
Tiger Woods
98.1%
Rory McIlroy
96.3%
Phil Mickelson
94.4%
Lee Westwood
88.1%
Graeme McDowell
87.5%
Sergio Garcia
86.9%
Ernie Els
85.6%
Luke Donald
85%
Adam Scott
83.8%
Richard Scott
82.5%
Vijay Singh
81.3%
Jeev Milkha Singh
81.3%
Dustin Johnson
80.6%
Digvijay Singh
80.6%
Zach Johnson
80%
Martin Kaymer
78.1%
Justin Rose
76.9%
Padraig Harrington
76.3%
Bubba Watson
75.6%
Tim Clark
71.9%
Steve Stricker
71.3%
Louis Oosthuizen
68.8%
Jay Choi
68.1%
Ian Poulter
67.5%
Francesco Molinari
67.5%
Edoardo Molinari
67.5%
Darren Clarke
66.9%
Charl Schwartzel
66.3%
Jason Day
62.5%
K.J. Choi
61.9%
Peter Hanson
61.3%
Webb Simpson
60.6%
Angel Cabrera
58.8%
Paul Lawrie
57.5%
Peter Lawrie
57.5%
Soren Hansen
57.5%
Retief Goosen
56.9%
Anders Hansen
56.9%
Henrik Stenson
55%
Geoff Ogilvy
53.8%
Paul Casey
52.5%
Charlie Wi
52.5%
Camilo Villegas
51.9%
Nicolas Colsaerts
51.3%
Y.E. Yang
50.6%
Jason Dufner
49.4%
Miguel A. Jimenez
49.4%
Thomas Bjorn
49.4%
Keegan Bradley
48.8%
Matt Kuchar
48.8%
Robert Karlsson
48.8%
Kim Hyung-sung
43.8%
Robert Allenby
41.9%
Alvaro Quiros
39.4%
Ryo Ishikawa
37.5%
K.T. Kim
36.9%
Martin Laird
33.1%
Brendan Jones
31.9%
Andres Romero
31.9%
Brian Davis
30.6%
Branden Grace
30%
Carl Pettersson
30%
Matteo Manassero
30%
James Donaldson
30%
Aaron Baddeley
28.8%
Golfer % Correct
Philip Price
28.8%
Jhonattan Vegas
27.5%
Shane Lowry
26.9%
John Senden
26.3%
Rory Sabbatini
25%
Noh Seung-Yul
25%
Thongchai Jaidee
25%
Lee Kyoung-Hoon
25%
Craig Lee
24.4%
Thomas Levet
24.4%
Lee Dong-hwan
24.4%
Danny Lee
24.4%
Simon Dyson
23.8%
Robert Rock
23.8%
R.Cabrera Bello
23.1%
Bae Sang-Moon
22.5%
Joost Luiten
22.5%
Gregory Havret
22.5%
Marc Leishman
21.9%
Pablo Larrazabal
21.9%
Graham Delaet
21.9%
Lu Wei-chih
21.9%
Fredrik Jacobson
21.3%
Stephen Ames
21.3%
Stephen Gallacher
20.6%
Thorbjorn Olesen
20.6%
MIchael Hoey
18.8%
G.Fernandez-Castano
18.8%
David Lynn
18.1%
Alex Cejka
18.1%
Marcel Siem
18.1%
Jonas Blixt
17.5%
Victor Dubuisson
16.9%
Alexander Noren
16.3%
Bernd Wiesberger
16.3%
Soren Kjeldsen
16.3%
Shingo Katayama
16.3%
Rhys Davies
15.6%
Gregory Bourdy
15.6%
Danny Willett
15%
George Coetzee
15%
David Hearn
15%
Paul McGinley
15%
Greg Chalmers
14.4%
Bradley Dredge
13.8%
Richie Ramsay
13.1%
MIkko Ilonen
13.1%
Brendon de Jonge
12.5%
Rapheel Jacquelin
12.5%
Ricardo Gonzalez
12.5%
Marcus Fraser
10.6%
Marc Warren
10.6%
Felipe Aguilar
10%
Adam Hadwin
10%
Fredrik Andersson Hed
9.4%
Alexandre Rocha
9.4%
Arjun Atwal
9.4%
Gareth Maybin
8.8%
Thomas Aiken
8.8%
Anirban Lahiri
8.8%
Hiroyuki Fujita
8.1%
Fabrizio Zanotti
8.1%
Robert-Jan Derksen
8.1%
Scott Jamieson
7.5%
Adilson da Silva
7.5%
Golfer % Correct
Kiradech Aphibarnrat
6.9%
Damien McGrane
6.9%
Prayad Marksaeng
6.3%
Ricardo Santos
6.3%
Jose Felipe Lima
6.3%
Jaco Van Zyl
5.6%
Alejandro Canizares
5.6%
Lorenzo Gagli
5.6%
Romain Wattel
5.6%
Liang Wen-Chong
5.6%
David Drysdale
5%
Toru Taniguchi
5%
Mark Tullo
5%
Markus Brier
5%
Jose Manuel Lara
4.4%
Johan Edfors
4.4%
Julien Quesne
4.4%
Brad Fritsch
4.4%
Andrea Pavan
3.8%
Thaworn Wiratchan
3.8%
Koumei Oda
3.8%
Siddikur Rahman
3.8%
Tano Goya
3.8%
Alessandro Tadini
3.1%
Toshinori Muto
3.1%
Tomohiro Kondo
3.1%
Yoshinori Fujimoto
3.1%
S.S.P. Chowrasia
3.1%
Martin Wiegele
3.1%
Peter Whiteford
2.5%
Simon Thornton
2.5%
Daniel Vancsik
2.5%
Shiv Kapur
2.5%
Chris Doak
1.9%
Marco Crespi
1.9%
Juvic Pagunsan
1.9%
Espen Kofstad
1.9%
Chawalit Plaphol
1.9%
Prom Meesawat
1.9%
Wu Ashun
1.9%
Gary Stal
1.9%
J.-Baptiste Gonnet
1.9%
Camilo Benedetti
1.9%
Mikko Korhonen
1.9%
Eduardo de la Riva
1.3%
Jorge Campill
1.3%
Tetsuji Hiratsuka
1.3%
Gaganjeet Bhullar
1.3%
Alexandre Kaleka
1.3%
Miguel Carballo
1.3%
Andreas Hartoe
1.3%
Florian Praegant
1.3%
Cesar Costilla
1.3%
Cesar Monasterio
1.3%
Chinnarat Phadungsil
1.3%
Morten Orum Madsen
1.3%
Magnus A. Carlsson
0.6%
Yuta Ikea
0.6%
David Smail
0.6%
Mardan Mamat
0.6%
Himmat Rai
0.6%
Joachim B.Hansen
0.6%
Wil Besseling
0.6%
Pariya Junhasavasdikul
0.6%

You're not logged in!

Compare scores with friends on all Sporcle quizzes.
Join for Free
OR
Log In

You Might Also Like...

Show Comments

Extras

Top Quizzes Today


Score Distribution

Your Account Isn't Verified!

In order to create a playlist on Sporcle, you need to verify the email address you used during registration. Go to your Sporcle Settings to finish the process.

Report this User

Report this user for behavior that violates our Community Guidelines.

Details: